000 00351nam a2200145Ia 4500
005 20250324125123.0
008 240331s9999 xx 000 0 und d
082 _bRAT
_a894
100 _aRatnavelone, A
245 0 _aVidiyallukku mun
260 _aColombo
_bMeera Pathippakam
_c2004
300 _axii, 112 p .,
650 _aShort Stories
942 _cL
999 _c4144
_d4144